An ecological survey of Alazan Bay, Texas /

Bibliographic Details
Main Author: Cornelius, Stephen E.
Corporate Author: Caesar Kleberg Wildlife Research Institute
Format: Book
Language:English
Published: Kingsville, Tex. : Caesar Kleberg Wildlife Research Institute, Texas A&I University, 1984.
Series:Technical bulletin (Caesar Kleberg Wildlife Research Institute) ; no. 5.
Subjects:

MARC

Tag First Indicator Second Indicator Subfields
LEADER 00000cam a2200000 a 4500
001 in00000019286
005 20151007054226.0
008 840921s1984 txuabd b s00010 eng d
010 |a  83071623  
020 |a 0912229063 
035 |a (OCoLC)11181592 
035 |9 AAB4381AM 
037 |b Texas A&I University, Campus Box 218, Kingsville, Tex. 78363 
040 |a TAI  |c TAI  |d IKM  |d TXA  |d UtOrBLW 
043 |a n-us-tx 
049 |a TXAM  |c [A12592955] 
050 4 |a QH541.5.L27  |b C67 1984 
100 1 |a Cornelius, Stephen E. 
245 1 3 |a An ecological survey of Alazan Bay, Texas /  |c by Stephen E. Cornelius. 
264 1 |a Kingsville, Tex. :  |b Caesar Kleberg Wildlife Research Institute, Texas A&I University,  |c 1984. 
300 |a x, 163 pages :  |b illustrations, charts, maps ;  |c 28 cm. 
336 |a text  |b txt  |2 rdacontent 
337 |a unmediated  |b n  |2 rdamedia 
338 |a volume  |b nc  |2 rdacarrier 
490 1 |a Technical bulletin ;  |v no. 5 
500 |a "Volume 1." 
500 |a "Black Drum Alazan Bay Project ... began in 1975 ... This bulletin is the first of a series planned ... of the overall research results"--P. 1. 
504 |a Bibliography: pages 93-96. 
650 0 |a Lagoon ecology  |z Texas  |z Alazan Bay. 
650 0 |a Biotic communities  |z Texas  |z Alazan Bay. 
651 0 |a Alazan Bay (Tex.) 
710 2 |a Caesar Kleberg Wildlife Research Institute. 
830 0 |a Technical bulletin (Caesar Kleberg Wildlife Research Institute) ;  |v no. 5. 
999 |a MARS 
999 f f |s 3bb0250b-eaa9-36a0-b2e4-d85d9c2b02c7  |i ffa76f8e-ce60-3403-bf1a-df90a2378186  |t 0 
952 f f |p ric  |a Texas A&M University  |b Rellis Campus  |c Joint Library Facility  |d Remote Storage  |t 0  |e QH541.5.L27 C67 1984  |h Library of Congress classification  |i unmediated -- volume  |m A14812592955 
998 f f |a QH541.5.L27 C67 1984  |t 0  |l Remote Storage